| 000 | 006120000a22002530004500 | ||
|---|---|---|---|
| 440 | _a21st century sociology | ||
| 500 | _aBibliography: p.237-261 | ||
| 650 | _aCulture | ||
| 650 | _aSociology | ||
| 650 | _aSociety | ||
| 650 | _aCultural sociology | ||
| 650 | _aDiscourse analysis | ||
| 082 |
_a306 _bEd53c |
||
| 518 | _a20050916 | ||
| 530 | _aM | ||
| 100 | _aEdles, Laura Desfor | ||
| 245 | _aCultural sociology in practice | ||
| 020 | _a0-631-21090-3 | ||
| 260 |
_aMassachusetts _bBlackwell Publishers, USA |
||
| 260 | _c2002 | ||
| 300 |
_aix, 265p. _billus |
||
| 041 | _aEng | ||
| 942 | _cGEN | ||
| 999 |
_c34747 _d34747 |
||